000 00829nab a22002057a 4500
999 _c6395
_d6395
003 OSt
005 20260201174117.0
008 190506c xxu||||| |||| 00| 0 spa d
040 _cPJ
100 _97034
_aMachado, Romina Mariel
245 1 0 _aTrabajadores de plataforma. ¿Reales prestadores de servicio o relaciones salariales encubiertas? /
_cRomina Mariel Machado.
260 _aBuenos Aires :
_bAbeledoPerrot,
_c2023.
300 _ap. 11-14
500 _aCita: TR LALEY AR/DOC/2210/2023
505 _t¿Te interesa el texto completo? Comunicate al correo: koha@justierradelfuego.gov.ar
650 0 _91316
_aDERECHO LABORAL
650 0 _91570
_aDERECHOS DEL TRABAJADOR
773 0 _02751
_93202
_dBuenos Aires : AbeledoPerrot, 2013-
_tRevista de derecho laboral y seguridad social. Nº 20 - Octubre 2023
942 _2udc
_cANA